000 00430pab a2200157 454500
008 180718b2002-2003 xxu||||| |||| 00| 0 eng d
100 _aPathak, Pratap Kumar
245 _aEffective public service delivery: challenges and opportunities
260 _c2002-2003
300 _ap.565-84.
650 _aGood governance
650 _aPublic utilities
700 _aGyawali, Krishna
773 _aPAAN Journal
909 _a63809
999 _c63809
_d63809